000 00668nam a22002057a 4500
003 UA-OsUOA
001 8297
007 ta
008 20040909b un ||||| |||| 00| 0 ukr d
100 _aНападовська Л.
942 _cSA
040 _aUA-OsUOA
_bukr
_cUA-OsUOA
_dUA-OsUOA
245 _aПроблеми підготовки фахівців з обліку та аудиту, їх професійне визнання
300 _aС.41-45
955 _a0
041 _aukr
044 _aUA
773 0 _w0
_tБухгалтерський облік і аудит
_dК.
_d2004
_gN8
650 7 _aБухгалтерський облік та аудит
_2UDC
999 _c294458
_d294458